000 00682cam a22002413a 4500
001 15221
003 PGUSA
005 20140828083327.0
008 050301s2005||||xxu|||||s|||||000 | eng d
040 _aPGUSA
_beng
042 _adc
050 4 _aHQ
100 1 _aAddams, Jane,
_d1860-1935
245 1 2 _aA New Conscience and an Ancient Evil
_h[electronic resource] /
_cJane Addams
260 _bProject Gutenberg,
_c2005
506 _aPublic domain in the USA.
516 _aElectronic text
653 _aProstitution -- Illinois -- Chicago
653 _aProstitution
830 0 _aProject Gutenberg
_v15221
856 4 0 _uhttp://www.gutenberg.org/ebooks/15221
942 _cEB
999 _c244476
_d244476